000 00579nam a2200205 a 4500
005 20140310183249.0
008 040927s19uu xx 00 eng d
020 _a0323022405
050 _aRT 98
_b.St783 2004
100 _aStanhope, Marcia
245 _aCommunity and public health nursing. /
_cMarcia Stanhope
260 _aU.S.A :
_bMosby,
_c2004.
300 _a1129 p. :
_bill. col. ;
_c27 cm.
521 _aNUR
650 _aCommunity health nursing.
650 _aPublic health nursing.
700 _aLancaster, Jeanette
942 _cBK
_2lcc
_kFOR
999 _c20749
_d20749